000 01024nam a2200289 a 4500
001 BRCA_9089
003 FranzMayer
005 20230726110329.0
008 021017s1804----sp-#######---#000-0#spa-#
040 _aMFM
_besp
_cMFM
041 _aspa
044 _asp
050 4 _aDCON2
_bS25 1804
082 _2LC1422
100 1 _aSalignac de la Motte Fenelos, Francisco de
_922463
245 1 0 _aTratado de la educación de las hijas
_cescrito en francés por el Ilmo. señor Don Francisco De Salignac De La Motte Fenelo, Arzobispo de Cambray ; traducido en español por Don Remigio Asensio, Presbítero.
260 _aMadrid
_bEn la Imprenta Real
_c1804
300 _a202 p.
_c15.2 x 11 cm.
500 _aCon licencia
500 _aEstado físico : presenta encuadernación en pergamino
500 _aDonación del Arq. Sergio Aguilas Moreno
500 _aNúmero de control : 00004
650 1 4 _aMujeres
_xEducación
_ySiglo XIX
_922464
700 1 _aRemigio Asensio
_etr.
_922465
902 _aDCON
942 _2lcc
_cB
999 _c8739
_d8739